00404 a2200121 4500001001000000005001700010008004100027245009100068100003000159700002000189773005600209999001700265ART_4159620260410161754.0260409a 10aLas indemnizaciones frente al impuesto a las ganancias y al impuesto al valor agregado1 aD´Alessandro, Valeria P.1 aGotlib, Gabriel0 tDoctrina tributariag- Nº 377 (ago. 2011)wREV4296 c19986d19986